header

Supervising the doctorate (Record no. 242851)

MARC details
000 -LEADER
fixed length control field 01442nam a2200373 a 4500
100 1# - MAIN ENTRY--AUTHOR NAME
Personal name Delamont, Sara,
245 10 - TITLE STATEMENT
Title Supervising the doctorate
250 ## - EDITION STATEMENT
Edition statement 2nd ed.
260 ## - PUBLICATION, DISTRIBUTION, ETC. (IMPRINT)
Place of publication Maidenhead :
Name of publisher Open University Press,
Year of publication 2004.
300 ## - PHYSICAL DESCRIPTION
Number of Pages x, 222 p.
650 #0 - SUBJECT ADDED ENTRY--TOPICAL TERM
Topical Term Doctor of philosophy degree
Topical Term Faculty advisors
Topical Term Universities and colleges
700 1# - ADDED ENTRY--PERSONAL NAME
Personal name Atkinson, Paul,
Personal name Parry, Odette,
856 40 - ELECTRONIC LOCATION AND ACCESS
Uniform Resource Identifier http://site.ebrary.com/lib/rucke/Doc?id=10161367

No items available.

© 2026 Rongo University
Contact us: librarian | system librarian | Rongo university